000 00686cam a22002293a 4500
001 30983
003 PGUSA
005 20140828083653.0
008 100116s2010||||xxu|||||s|||||000 | eng d
040 _aPGUSA
_beng
042 _adc
050 4 _aVM
100 1 _aJutsum, Captain,
_d1868-1916
245 1 0 _aKnots, Bends, Splices :
_bWith tables of strengths of ropes, etc. and wire rigging
_h[electronic resource] /
_cCaptain Jutsum
260 _bProject Gutenberg,
_c2010
506 _aPublic domain in the USA.
516 _aElectronic text
653 _aKnots and splices
830 0 _aProject Gutenberg
_v30983
856 4 0 _uhttp://www.gutenberg.org/ebooks/30983
942 _cEB
999 _c260238
_d260238